<?xml version="1.0" encoding="UTF-8"?>
<record
    xmlns:xsi="http://www.w3.org/2001/XMLSchema-instance"
    xsi:schemaLocation="http://www.loc.gov/MARC21/slim http://www.loc.gov/standards/marcxml/schema/MARC21slim.xsd"
    xmlns="http://www.loc.gov/MARC21/slim">

  <leader>01225cam a22002655a 4500</leader>
  <controlfield tag="001">17440494</controlfield>
  <controlfield tag="005">20161227120351.0</controlfield>
  <controlfield tag="008">120824t2012    gw a   frb    101 0 eng d</controlfield>
  <datafield tag="020" ind1=" " ind2=" ">
    <subfield code="a">9783642337031</subfield>
  </datafield>
  <datafield tag="040" ind1=" " ind2=" ">
    <subfield code="a">HUA</subfield>
    <subfield code="c">HUA</subfield>
    <subfield code="d">OCLCO</subfield>
    <subfield code="d">DLC</subfield>
    <subfield code="d">EG-ScBUE</subfield>
    <subfield code="b">eng</subfield>
  </datafield>
  <datafield tag="082" ind1="0" ind2="4">
    <subfield code="2">22</subfield>
    <subfield code="a">005.8</subfield>
    <subfield code="b">COM</subfield>
  </datafield>
  <datafield tag="111" ind1="2" ind2=" ">
    <subfield code="a">International Workshop on Mathematical Methods, Models, and Architectures for Computer Network Security</subfield>
    <subfield code="n">(6th :</subfield>
    <subfield code="d">2012 :</subfield>
    <subfield code="c">Saint Petersburg, Russia)</subfield>
  </datafield>
  <datafield tag="245" ind1="1" ind2="0">
    <subfield code="a">Computer network security :</subfield>
    <subfield code="b">6th international conference on mathematical methods, models and architectures for computer network security, MMM-ACNS 2012, St. Petersburg, Russia, October 17-19, 2012 : proceedings /</subfield>
    <subfield code="c">editors Igor Kotenko, Victor Skormin.</subfield>
  </datafield>
  <datafield tag="260" ind1=" " ind2=" ">
    <subfield code="a">Heidelberg :</subfield>
    <subfield code="b">Springer,</subfield>
    <subfield code="c">c.2012.</subfield>
  </datafield>
  <datafield tag="300" ind1=" " ind2=" ">
    <subfield code="a">xiii, 318 p. :</subfield>
    <subfield code="b">ill. ;</subfield>
    <subfield code="c">24 cm.</subfield>
  </datafield>
  <datafield tag="490" ind1="0" ind2=" ">
    <subfield code="a">Lecture notes in computer science ;</subfield>
    <subfield code="v">7531</subfield>
  </datafield>
  <datafield tag="504" ind1=" " ind2=" ">
    <subfield code="a">Includes bibliographical references and index.</subfield>
  </datafield>
  <datafield tag="650" ind1=" " ind2="7">
    <subfield code="a">Computer security</subfield>
    <subfield code="v">Congresses.</subfield>
    <subfield code="2">BUEsh</subfield>
    <subfield code="9">41088</subfield>
  </datafield>
  <datafield tag="650" ind1=" " ind2="7">
    <subfield code="a">Computer networks</subfield>
    <subfield code="x">Security measures</subfield>
    <subfield code="v">Congresses.</subfield>
    <subfield code="2">BUEsh</subfield>
  </datafield>
  <datafield tag="651" ind1=" " ind2=" ">
    <subfield code="2">BUEsh</subfield>
  </datafield>
  <datafield tag="653" ind1=" " ind2=" ">
    <subfield code="b">COMSCI</subfield>
    <subfield code="c">December2016</subfield>
  </datafield>
  <datafield tag="700" ind1="1" ind2=" ">
    <subfield code="a">Kotenko, Igor,</subfield>
    <subfield code="e">editor.</subfield>
  </datafield>
  <datafield tag="700" ind1="1" ind2=" ">
    <subfield code="a">Skormin, Victor A.,</subfield>
    <subfield code="d">1946-</subfield>
    <subfield code="e">editor.</subfield>
  </datafield>
  <datafield tag="942" ind1=" " ind2=" ">
    <subfield code="2">ddc</subfield>
  </datafield>
  <datafield tag="999" ind1=" " ind2=" ">
    <subfield code="c">23759</subfield>
    <subfield code="d">23731</subfield>
  </datafield>
  <datafield tag="952" ind1=" " ind2=" ">
    <subfield code="0">0</subfield>
    <subfield code="1">0</subfield>
    <subfield code="2">ddc</subfield>
    <subfield code="4">0</subfield>
    <subfield code="7">0</subfield>
    <subfield code="8">Scien. H.</subfield>
    <subfield code="a">MAIN</subfield>
    <subfield code="b">MAIN</subfield>
    <subfield code="c">LOW</subfield>
    <subfield code="d">2016-12-27</subfield>
    <subfield code="e">Purchase</subfield>
    <subfield code="g">550.00</subfield>
    <subfield code="h">2691</subfield>
    <subfield code="l">0</subfield>
    <subfield code="o">005.8 COM</subfield>
    <subfield code="p">000040653</subfield>
    <subfield code="r">2025-07-15 00:00:00</subfield>
    <subfield code="v">687.50</subfield>
    <subfield code="y">BB</subfield>
  </datafield>
</record>
